Anatomía descriptiva para enfermería /

Bibliographic Details
Main Author: Prada Oliveira, José Arturo (Author)
Other Authors: Ribelles García, Antonio (Editor)
Format: Electronic eBook
Language:Spanish
Published: Madrid : Dykinson, S.L., [2021]
Subjects:
Online Access:Digitalia Hispánica

MARC

LEADER 00000nam a2200000 i 4500
001 DIGDYK3026
003 NyNyDIG
007 cr |||||||||||
008 231201s2021 sp o 000 0 spa d
006 m o d
035 |a (OCoLC)1414666793 
040 |a DGITA  |b eng  |e rda  |e pn  |c DGITA 
020 |a 9788413777207  |q electrónico 
020 |z 9788413775708 
050 1 4 |a QM23.2 ebook 
245 0 0 |a Anatomía descriptiva para enfermería /  |c Antonio Ribelles García (coordinador) ; Arturo Prada Oliveira [and 5 others]. 
264 1 |a Madrid :  |b Dykinson, S.L.,  |c [2021] 
300 |a 1 online resource. 
336 |a text  |b txt  |2 rdacontent 
337 |a computer  |b c  |2 rdamedia 
338 |a online resource  |b cr  |2 rdacarrier 
347 |a text file  |2 rdaft 
347 |b PDF 
588 0 |a Online resource; title from PDF title page (Digitalia, viewed December 1, 2023) 
650 0 |a Human anatomy. 
700 1 |a Ribelles García, Antonio,  |e editor. 
700 1 |a Prada Oliveira, José Arturo,  |e author. 
791 2 |a Digitalia (Firm),  |e distributor. 
793 0 |g Digitalia eBook Collection:  |a Dykinson Editorial 
776 0 8 |i Print version:  |t Anatomía descriptiva para enfermería.  |d Madrid : Dykinson, S.L., [2021]  |z 9788413775708 
856 4 0 |3 Digitalia Hispánica  |u https://www.digitaliapublishing.com/a/131414/ 
910 |a Premium collection: 2023